The Majority Act : (Record no. 1410177)
[ view plain ]
| 000 -LEADER | |
|---|---|
| fixed length control field | 01050nam a2200289 a 4500 |
| 001 - CONTROL NUMBER | |
| control field | vtls001988443 |
| 003 - CONTROL NUMBER IDENTIFIER | |
| control field | NLI |
| 005 - DATE AND TIME OF LATEST TRANSACTION | |
| control field | 20210630141053.0 |
| 008 - FIXED-LENGTH DATA ELEMENTS--GENERAL INFORMATION | |
| fixed length control field | 180328s2011 g s000 0 eng d |
| 039 #9 - LEVEL OF BIBLIOGRAPHIC CONTROL AND CODING DETAIL [OBSOLETE] | |
| -- | 201803281258 |
| -- | dipanjanm |
| 082 04 - DEWEY DECIMAL CLASSIFICATION NUMBER | |
| Classification number | 347.1(54) |
| Edition number | 22 |
| 110 1# - MAIN ENTRY--CORPORATE NAME | |
| Corporate name or jurisdiction name as entry element | India. |
| Subordinate unit | Ministry of Law and Justice. |
| 245 1# - TITLE STATEMENT | |
| Title | The Majority Act : |
| Remainder of title | Act No. 9 of 1875,as on 1st August,2011 / |
| Statement of responsibility, etc. | Ministry of Law and Justice,Government of India. |
| 260 ## - PUBLICATION, DISTRIBUTION, ETC. | |
| Place of publication, distribution, etc. | Delhi: |
| Name of publisher, distributor, etc. | Controller of Publications , |
| Date of publication, distribution, etc. | 2011 |
| 300 ## - PHYSICAL DESCRIPTION | |
| Extent | [Double pagination] 2p.; |
| Dimensions | 30cm. |
| 500 ## - GENERAL NOTE | |
| General note | Printed in both languages: Hindi & English |
| 650 #0 - SUBJECT ADDED ENTRY--TOPICAL TERM | |
| Topical term or geographic name entry element | Age(Law) |
| Geographic subdivision | India |
| 9 (RLIN) | 1332125 |
| 650 #0 - SUBJECT ADDED ENTRY--TOPICAL TERM | |
| Topical term or geographic name entry element | Guardian and ward |
| Geographic subdivision | India |
| 9 (RLIN) | 744564 |
| 780 02 - PRECEDING ENTRY | |
| Title | The Indian Majority Act, |
| Related parts | 1875 |
| 887 ## - NON-MARC INFORMATION FIELD | |
| Content of non-MARC field | Dipanjan |
| 902 ## - LOCAL DATA ELEMENT B, LDB (RLIN) | |
| a | GP 347.1(54) In2m(2011) |
| 904 ## - LOCAL DATA ELEMENT D, LDD (RLIN) | |
| a | Dipanjan |
| 949 ## - LOCAL PROCESSING INFORMATION (OCLC) | |
| -- | VIRTUAITEM |
| -- | 10003 |
| -- | 202 |
| 6 | IOD000154143ENG |
| 9 | 2011 |
| e | IOD154143 |
| 942 ## - ADDED ENTRY ELEMENTS (KOHA) | |
| Source of classification or shelving scheme | Dewey Decimal Classification |
| Koha item type | Books |
| Withdrawn status | Lost status | Damaged status | Not for loan | Collection code | Home library | Current library | Shelving location | Date acquired | Total Checkouts | Full call number | Date last seen | Price effective from | Koha item type |
|---|---|---|---|---|---|---|---|---|---|---|---|---|---|
| Government Publications | National Library of India | National Library of India | Annexe Reading Room & Stack Division | GP 347.1(54) In2m(2011) | 30/06/2021 | 30/06/2021 | Books |
